000 00601nam a22001937a 4500
005 20140910150258.0
010 _aENG-110768
020 _a9788183876629
_c550.00
035 _aEN-94300
037 _bDBAD/PUB
082 _a363.728095482
100 _aMani, N.
245 _aSuppression of scavengers /
_cby N. Mani
260 _aNew Delhi
_bSerials Publications
_c2014
270 _a4830/24, Prahlad Street, Ansari Road, Darya Ganj
_bNew Delhi
_e110002
300 _aix,142p.
_c23cm(Hb)
500 _aIncludes bibliographical references
942 _2ddc
_cEN
_h363.728095482
_mMAN
999 _c88384
_d88384